Student workshop essentials of dental assisting (Record no. 2423)

MARC details
000 -LEADER
fixed length control field 00394nam a22001577a 4500
008 - FIXED-LENGTH DATA ELEMENTS--GENERAL INFORMATION
fixed length control field 250318b |||||||| |||| 00| 0 eng d
020 ## - INTERNATIONAL STANDARD BOOK NUMBER
ISBN 97803333323778121
100 ## - MAIN ENTRY--AUTHOR
Author Robinson Debble S.
245 ## - TITLE STATEMENT
Title Student workshop essentials of dental assisting
250 ## - EDITION STATEMENT
Edition statement 7th
260 ## - PUBLICATION, DISTRIBUTION, ETC. (IMPRINT)
Name of publisher Elsevier
Date of publication 2023
300 ## - COLLATION
Pagination x,325p
650 ## - TRACINGS
Main Subject Dental assistant
942 ## - ADDED ENTRY ELEMENTS (KOHA)
Item type Books
050 ## - LIBRARY OF CONGRESS CALL NUMBER
Classification number RK60.5
Item number .R63
Holdings
Source of classification or shelving scheme Not for loan Permanent location Current location Date acquired Accession No. Full call number Barcode. Koha item type
Library of Congress Classification   Medical Library Medical Library 03/18/2025 2024/64357 RK60.5.R63 2025-0687 Books